000 00286nam a2200097Ia 4500
001 644710
005 20250826153610.0
008 250824s9999 xx 000 0 und d
245 0 _aPROFESÖR KİP İLE TÜRKÇE 5 HARİKALAR PARKINDA SERÜVEN
_cBİRSEN EKİM ÖZEN
260 _bTİMAŞ ÇOCUK
999 _c644710
_d644710